| 000 | 01151nam a2200349 4500 | ||
|---|---|---|---|
| 001 | 24628 | ||
| 010 | _a9789720730718 | ||
| 021 |
_aPT _b452840/19 |
||
| 090 | _a24628 | ||
| 100 | _a20191115d2019 cd y0pory50030103ba | ||
| 101 | 1 |
_apor _ceng |
|
| 102 | _aPT | ||
| 105 | _aa z 000yy | ||
| 106 | _ar | ||
| 200 | 1 |
_aCapuchinho vermelho _fElisabeth Golding _gil. Helen Rowe _gadapt. Rita Amaral |
|
| 210 | 9 |
_aPorto _cPorto Editora _d2019 |
|
| 215 |
_a[8] p. _cil., pop up _d23 cm |
||
| 225 | 2 | _aLivro-carrossel com cenários 3D | |
| 304 | _aTít. orig.: fairytale Carousels : Little Red Riding Hood | ||
| 606 |
_aLiteratura infantil _xConto |
||
| 675 |
_a087.5 _vBN _zpor |
||
| 675 |
_a821.111-93"20" _vBN _zpor |
||
| 675 |
_a821.111-34"20" _vBN _zpor |
||
| 700 | 1 |
_aGolding _bElizabeth |
|
| 701 | 1 |
_aSheldon _bChristine _4070 |
|
| 702 | 1 |
_aAmaral _bRita _4010 |
|
| 801 | 0 |
_aPT _bBEDB _gRPC |
|
| 942 |
_n0 _cMON |
||